000
00299nam a2200133Ia 4500
100
_a
Microsoft Corporation
942
_c
RB
654
_a
Fox pro users guide ms dos
245
_a
Fox Pro Users guide MS DOS
260
_b
Microsoft
082
_a
005.7565 'F P'
546
_a
ENGLISH
999
_c
32092
_d
32092